000 00825nam a2200265 i 4500
001 bg
100 1 _aBIESZK, Henryk
245 1 0 _aUrządzenia do realizacji procesów mechanicznych w technologii chemicznej /
_cHenryk Bieszk.
260 _aGdańsk :
_bWydaw. Politechniki Gdańskiej,
_c2001.
300 _a140 s. :
_brys., wykr. ;
_c24 cm.
504 _aBibliogr.
650 9 _aTechnologia chemiczna
_xurządzenia
650 9 _aPompy
650 9 _aPrzenośniki
650 9 _aRozdrabnianie
_xnarzędzia i maszyny
650 9 _aMieszanie
_xnarzędzia i maszyny
655 _aPodręczniki akademickie
020 _a8388007807
040 _cBPK
041 0 _apl
080 _a66.01/.09:621.86/.87:621.926/.929:621.6](075.8)
920 _a83-88007-80-7
942 _cKS
008 s pl f |000 0 pol
999 _c40666
_d40666
856 _uhttp://koha.tu.koszalin.pl/cgi-bin/koha/opac-detail.pl?biblionumber=40666
_yKatalog online BPK